| 000 | 01654cam a22003611i 4500 | ||
|---|---|---|---|
| 003 | SA-RiAUC | ||
| 005 | 20250723062131.0 | ||
| 008 | 250721s1999 su g f00010 ara c | ||
| 020 | _a9960034453 | ||
| 040 |
_aSA-RiIDS _bara _cSA-RiAUC _erda |
||
| 043 |
_aa-su--- _aa-jo--- _aa-iq--- |
||
| 050 | 4 | _b.A47 1999 | |
| 082 | 0 | 4 |
_a953.105 _qSA-RiAUC |
| 090 |
_a953.105 _bا ل س |
||
| 100 | 1 |
_aآل سعود، موضي بنت منصور بن عبد العزيز _eمؤلف. |
|
| 245 | 1 | 2 |
_aالملك عبد العزيز ومؤتمر الكويت (1923-1924 م / 1342 هـ) / _cموضي بنت منصور بن عبد العزيز. |
| 250 | _aالطبعة الثالثة. | ||
| 264 | 1 |
_aمكة المكرمة : _bجامعة أم القرى، _c1999 |
|
| 300 |
_a208 صفحة ؛ _c24 سم. |
||
| 336 |
_aنص _btxt _2rdacontent _3كتاب |
||
| 337 |
_aبدون وسيط _bn _2rdamedia |
||
| 338 |
_aمجلد _bnc _2rdacarrier |
||
| 490 | 1 |
_aمشروع ألف رسالة علمية ؛ _v1 |
|
| 600 | 1 | 7 |
_aابن سعود، عبد العزيز بن عبد الرحمن بن فيصل، _cملك السعودية، _d1293-1373 هجري _2aucnm |
| 651 | 7 |
_aالسعودية _xتاريخ _yعبد العزيز بن عبد الرحمن، 1319-1373 هجري _2aucsh |
|
| 651 | 7 |
_aالسعودية _xحدود _zالعراق _2aucsh |
|
| 651 | 7 |
_aالسعودية _xحدود _zالأردن _2aucsh |
|
| 651 | 7 |
_aالعراق _xحدود _zالسعودية _2aucsh |
|
| 651 | 7 |
_aالأردن _xحدود _zالسعودية _2aucsh |
|
| 830 | 0 |
_aمشروع ألف رسالة علمية _v1 |
|
| 942 |
_2ddc _cBOOK _n0 |
||
| 949 |
_aSA-JeALM _d250721 _umohamedma123 _n1 |
||
| 999 |
_c10210 _d10210 |
||